Ras Shamra - Ougarit 2 : les textes hippiatriques /

Bibliographic Details
Main Author: Pardee, Dennis
Corporate Author: Maison de l'Orient méditerranéen (Lyon, France)
Format: Book
Language:French
Ugaritic
Published: Paris : Éditions Recherches sur les Civilisations, 1985.
Series:Mémoire (Éditions Recherche sur les civilisations) ; no. 53.
Subjects:

MARC

Tag First Indicator Second Indicator Subfields
LEADER 00000cam a2200000 a 4500
001 in00000016154
005 20151007052709.0
008 861107s1985 fr a b 00010 fre d
035 |a (OCoLC)14687738 
035 |9 AAA8840AM 
040 |a HUC  |c HUC  |d m/c  |d TXA  |d UtOrBLW 
041 0 |a fre  |a uga 
049 |a TXAM  |c [A12587162] 
050 4 |a PJ4150  |b .P37 1985 
100 1 |a Pardee, Dennis. 
245 1 0 |a Ras Shamra - Ougarit 2 :  |b les textes hippiatriques /  |c par Dennis Pardee. 
264 1 |a Paris :  |b Éditions Recherches sur les Civilisations,  |c 1985. 
300 |a 77 pages :  |b illustrations ;  |c 30 cm. 
336 |a text  |b txt  |2 rdacontent 
337 |a unmediated  |b n  |2 rdamedia 
338 |a volume  |b nc  |2 rdacarrier 
490 1 |a Memoire ;  |v no. 53 
500 |a On title page: Maison de l'Orient. 
500 |a Cover title: Les textes hippiatriques. 
500 |a Text partly in Ugaritic. 
504 |a Includes bibliographical references. 
650 0 |a Ugaritic language  |v Texts. 
650 0 |a Cuneiform inscriptions. 
710 2 |a Maison de l'Orient méditerranéen (Lyon, France) 
740 4 |a Les textes hippiatriques. 
830 0 |a Mémoire (Éditions Recherche sur les civilisations) ;  |v no. 53. 
999 |a MARS 
999 f f |s 155b6138-98c9-38fa-a55c-46b746ff7b89  |i f0edb7bf-8463-3e4f-b56f-14030682da90  |t 0 
952 f f |p ric  |a Texas A&M University  |b Rellis Campus  |c Joint Library Facility  |d Remote Storage  |t 0  |e PJ4150 .P37 1985  |h Library of Congress classification  |i unmediated -- volume  |m A14812587162 
998 f f |a PJ4150 .P37 1985  |t 0  |l Remote Storage